Statistiques concernant Pokémon de 40,0 à 49,9 kg

Cliquez ici pour prendre le quiz!

Statistiques générales

  • Ce quiz a été pris 4 fois
    (3 depuis la dernière actualisation)
  • Le résultat moyen est 9 sur 53

Statistiques - réponses

Poids (en kg) Pokémon % Correct
40,5Ectoplasma
67%
48,4Méga-Gardevoir
67%
48,4Gardevoir
67%
40,5Méga-Dardargnan
67%
40,5Méga-Ectoplasma
67%
40,0Latias
33%
44,5Magmar
33%
40,0Sachanobi
33%
41,5Girafarig
33%
40,0Mélodelfe
33%
48,0Alakazam
33%
42,4Excavarenne
33%
48,0Méga-Alakazam
33%
40,5Ramboum
33%
40,6Lippoutou
33%
40,0Météno (Forme Météore)
33%
49,8Kicklee
33%
40,0Amphinobi
33%
40,0Ouvrifier
33%
45,0Lucanon
33%
40,0Sabelette d'Alola
33%
47,0Sepiatroce
0%
46,0Pyrax
0%
46,8Leuphorie
0%
46,5Vigoroth
0%
47,0Absol
0%
48,7Granbull
0%
49,5Méga-Démolosse
0%
49,5Hippopotas
0%
49,0Méga-Absol
0%
45,5Tokotoro
0%
48,0Kapoera
0%
48,5Keldeo
0%
47,0Écaïd
0%
44,0Méga-Élecsprint
0%
41,0Sorboul
0%
41,0Gueriaigle
0%
42,0Tadmorv d'Alola
0%
40,8Noarfang
0%
40,5Kabutops
0%
40,2Élecsprint
0%
40,3Mangriff
0%
40,4Minotaupe
0%
42,0Luxray
0%
42,1Draby
0%
44,4Coatox
0%
44,5Zeraora
0%
45,0Ossatueur
0%
44,0Oratoria
0%
44,0Sidérella
0%
42,5Scorvol
0%
43,8Chaffreux
0%
45,5Tentacool
0%

Distribution des résultats

Percentile by Number Answered

% des personnes avec chaque résultat

Votre développement - résultats

Vous n’avez pas pris ce quiz depuis la dernière actualisation